Riconosci il Pokémon - Quiz n°463 - Statistics

Statistiche generali
  • Questo quiz è stato fatto 1 volte
  • Il punteggio medio è 10 su 10
Statistiche sulle risposte
Indizio Risposta % Corretto
Altezza 0,7 m
100%
Tasso di cattura 45 (11.9%)
100%
Peso 6,9 kg
100%
Sesso 87.5% ♂, 12.5% ♀
100%
Pokémon Bulbasaur
100%
Abilità Erbaiuto; Clorofilla
100%
Tipo Erba / Veleno
100%
Stadio evoluzione Forma Base
100%
Tasso di allevamento Medio-Lento
100%
Generazione Prima
100%
Nessun quiz corrispondente trovato
Distribuzione punteggi
Percentuale di utenti per punteggio
Percentile per numero di risposta
I tuoi punteggi nel tempo
Non hai fatto questo quiz